Plant cytogenetics: Genome structure and chromosome function (Record no. 1237439)

MARC details
000 -LEADER
fixed length control field 00753nam a2200241Ia 4500
005 - DATE AND TIME OF LATEST TRANSACTION
control field 20250117103444.0
008 - FIXED-LENGTH DATA ELEMENTS--GENERAL INFORMATION
fixed length control field 008 250103s9999 xx 000 0 eng d
020 ## - INTERNATIONAL STANDARD BOOK NUMBER
International Standard Book Number 9781489986795
037 ## - SOURCE OF ACQUISITION
Stock number Textual
040 ## - CATALOGING SOURCE
Original cataloging agency CSL
Language of cataloging eng
Transcribing agency CSL
041 ## - LANGUAGE CODE
Language code of text/sound track or separate title eng
Source of code eng
084 ## - COLON CLASSIFICATION NUMBER
Classification number I,11:6 Q2
Assigning agency CSL
245 #0 - TITLE STATEMENT
Title Plant cytogenetics: Genome structure and chromosome function
Statement of responsibility, etc. Bass, Hank W (Ed.); Birshler, James A (Ed.)
260 ## - PUBLICATION, DISTRIBUTION, ETC.
Place of publication, distribution, etc. New York
Name of publisher, distributor, etc. Springer
Date of publication, distribution, etc. 2012
300 ## - PHYSICAL DESCRIPTION
Extent x, 345p. ill.
650 ## - SUBJECT ADDED ENTRY--TOPICAL TERM
Topical term or geographic name entry element Cytogenetic mapping
9 (RLIN) 733151
650 ## - SUBJECT ADDED ENTRY--TOPICAL TERM
Topical term or geographic name entry element Plant centromeres
9 (RLIN) 733152
650 ## - SUBJECT ADDED ENTRY--TOPICAL TERM
Topical term or geographic name entry element Botany
700 ## - ADDED ENTRY--PERSONAL NAME
Personal name Birshler, James A (Ed.)
9 (RLIN) 733153
700 ## - ADDED ENTRY--PERSONAL NAME
Personal name Bass, Hank W (Ed.)
942 ## - ADDED ENTRY ELEMENTS (KOHA)
Koha item type Textual
Classification part I,11:6 Q2
Holdings
Withdrawn status Lost status Damaged status Not for loan Home library Current library Date acquired Total Checkouts Full call number Barcode Date last seen Price effective from Koha item type
        Central Science Library Central Science Library 2025-01-17   I,11:6 Q2 SL1655387 2025-01-17 2025-01-17 Textual
Copyright @ Delhi University Library System